| 000 | 01004nac a22002777a 4500 | ||
|---|---|---|---|
| 001 | BR8105503 | ||
| 003 | BR-BrBNA | ||
| 005 | 20240105115047.0 | ||
| 008 | 230509b bl.|||m| |||| 00| 0 por d | ||
| 040 |
_aBR-BrBNA _bpor _cBiblioteca Nacional de Agricultura |
||
| 072 | _aF30 | ||
| 090 | _a0150 BR8105503 | ||
| 100 | 1 | _aMedrado, M.J.S. | |
| 100 | 1 | _aSobral, C.A.M. | |
| 110 | 1 |
_aUnidade de Execucao de Pesquisa de Ambito Territorial de Porto Velho, RO (Brasil) _910393 |
|
| 245 | 1 | _aIntroducao e avaliacao de cultivares de arroz no municipio de Ji-Parana, em Rondonia [Competicao de variedade; Variedade; Brasil] | |
| 260 | 3 |
_aPorto Velho, RO (Brasil): _c1981. |
|
| 300 | _a(Pt) | ||
| 490 |
_aPesquisa em Andamento - Unidade de Execucao de Pesquisa de Ambito Territorial de Porto Velho (Brazil) _vno. 3 _x |
||
| 650 | _aARROZ | ||
| 650 | _aVARIEDADE | ||
| 650 | _aCOMPETICAO DE VARIEDADE | ||
| 650 | _aRONDONIA | ||
| 909 |
_a202312 _bLúcia Elande _c55 _dLúcia Elande |
||
| 942 |
_2AGRIS _n0 _cMS |
||
| 999 |
_c272821 _d272821 |
||